| 000 | 00591nam a22001937a 4500 | ||
|---|---|---|---|
| 005 | 20250114123719.0 | ||
| 010 | _aENG-143387 | ||
| 020 |
_c1895.00 _a9789391211721 |
||
| 035 | _aEN-126919 | ||
| 037 | _bDBAD | ||
| 082 | _a338.00954 | ||
| 100 |
_a Vinod Kothari & Company _976536 |
||
| 245 | 0 | 0 |
_aCorporate Governance/ _cby Vinod Kothari & Company |
| 250 | _a1 | ||
| 260 |
_aGurgaon _bLexis Nexis _c2024 |
||
| 270 |
_a14th Floor, Bldg. No.10, Tower-B, DLF Cyber City, Phase-II _bGurgaon _e122002 |
||
| 300 |
_alxiv,929p. _c24cm(Hb) |
||
| 942 |
_2ddc _cEN _mKOT _h338.00954 |
||
| 999 |
_c208467 _d208467 |
||